The indigenous trees of the Uganda Protectorate /

Saved in:
Bibliographic Details
Main Author: Eggeling, William Julius, 1909-
Format: Book
Language:English
Published: Entebbe : Govt. Printer, [1951]
Edition:Rev. and enl.
Subjects:
Tags: Add Tag
No Tags, Be the first to tag this record!
LEADER 00752cam a2200241I 4500
001 007785171-4
005 20020606104010.5
008 750808s1951 ug ab b f000 0 eng
010 |a  52065043  
035 0 |a ocm01526992 
040 |a DLC  |c FQG  |d SER  |d BOH 
050 0 |a QK491.U3  |b E3 1951 
082 |a 582.16  |a 581.96761* 
100 1 |a Eggeling, William Julius,  |d 1909- 
245 1 4 |a The indigenous trees of the Uganda Protectorate /  |c by William J. Eggeling. 
250 |a Rev. and enl.  |b by Ivan R. Dale. 
260 |a Entebbe :  |b Govt. Printer,  |c [1951] 
300 |a xxx, 491 p. :  |b ill. (some col.), 1 folded map ;  |c 25 cm. 
504 |a Bibliography: p. xv-xvi. 
650 0 |a Trees  |z Uganda. 
650 0 |a Shrubs  |z Uganda. 
988 |a 20020608 
906 |0 DLC